| 000 | 01300nam a22002897a 4500 | ||
|---|---|---|---|
| 001 | 5514 | ||
| 003 | FISKH | ||
| 005 | 20241216110439.0 | ||
| 008 | 241216b cb ||||| |||| 00| 0 eng d | ||
| 020 | _a9780545212113 | ||
| 040 |
_aFISKH _beng _cFISKH _dFISKH |
||
| 082 | _a791.4375 | ||
| 100 | _aHidalgo, Pablo | ||
| 245 |
_aStar wars head-to-head : _bthe 30 wildest matchups you've never seen ! / _cby Pablo Hidalgo |
||
| 250 | _aFirst printing, January 2010 | ||
| 260 |
_aNew York : _bScholastic ; _c2010 . |
||
| 300 |
_a64 pages : _bcolor illustrations ; _c28 cm . |
||
| 490 | _a Star Wars Head-to-Head | ||
| 505 | _aZ | ||
| 520 | _a"The wildest Star Wars matchups you've never seen! What would happen if your favorite Star Wars characters, creatures, and vehicles that never got to duel were to go head-to-head? Thirty stunning battles include Darth Vader vs. Yoda, the Millennium Falcon vs. the Sith Infiltrator, and Ewok vs. Jawa! Decide who you think would win these never-before-seen face-offs. Then check out what the experts have to say about these incredible showdowns!"--p. [4] of cover. | ||
| 521 | 8 |
_a1070
_bLexile |
|
| 521 | 8 |
_aZ
_bRaz-Plus |
|
| 650 |
_a Star Wars _vfiction |
||
| 700 |
_aGrossblatt, Ben _eEditor |
||
| 942 |
_2ddc _cBK _n0 |
||
| 999 |
_c5514 _d5514 |
||